=LDR 00000nam 2200000 4500 =001 INLIS000000000035834 =005 20201118124957 =035 ##$$a 0010-061300000035834 =008 201118################g##########0#ind## =041 ##$$a Ind =082 ##$$a 320 =090 ##$$a 320, Sur =100 ##$$a Surianingrat, Bayu =245 1#$$a Mengenal Ilmu Pemerintahan /$c Drs. Bayu Surianingrat =260 ##$$a Jakarta :$b Rineka cipta,$c 1992 =300 ##$$a 97 hlm ; $c 20 x 14 cm =650 #4$$a Ilmu Pemerintahan =850 ##$$a NBPNMAT =020 ##$$a 979-518-242-0 =084 ##$$a 320 SUR m =504 ##$$a Bibliografi: halaman 93-97 =990 ##$$a 00084634 =990 ##$$a 134.594/pro.98